Guess the 1960s song lyrics #359 - Statistics

General Stats
  • This quiz has been taken 37 times
  • The average score is 122 of 179
Answer Stats
Answer % Correct
a
100%
I
100%
when
96%
in
93%
love
93%
you
93%
and
89%
be
89%
me
86%
Do
79%
what
79%
for
75%
say
75%
Say
75%
with
75%
I'm
71%
it's
71%
will
71%
I'll
68%
hear
64%
know
64%
now
61%
think
50%
wanna
50%
been
46%
telling
46%
day
43%
away
39%
said
39%
right
36%
believe
32%
you'll
32%
before
29%
many
29%
year
29%
Freddie and the Dreamers
25%
sure
18%
through
18%
Through
18%
finally
14%
foolin
14%
Maybe
11%
staying
7%
No matching quizzes found
Score Distribution
Percent of People with Each Score
Percentile by Number Answered
Your Score History
You have not taken this quiz